Eastern Utah Libraries Catalog: Duchesne, Heber, Roosevelt, & Vernal

Flying monsters / (Record no. 278698)

MARC details
000 -LEADER
fixed length control field 01346cam a2200397 a 4500
001 - CONTROL NUMBER
control field ocn770694245
003 - CONTROL NUMBER IDENTIFIER
control field OCoLC
005 - DATE AND TIME OF LATEST TRANSACTION
control field 20200320190336.0
008 - FIXED-LENGTH DATA ELEMENTS--GENERAL INFORMATION
fixed length control field 120103s2012 mnua j b 001 0 eng
010 ## - LIBRARY OF CONGRESS CONTROL NUMBER
LC control number 2011051439
020 ## - INTERNATIONAL STANDARD BOOK NUMBER
International Standard Book Number 9781848585676 (hardcover, library bound)
020 ## - INTERNATIONAL STANDARD BOOK NUMBER
International Standard Book Number 1848585675 (hardcover, library bound)
020 ## - INTERNATIONAL STANDARD BOOK NUMBER
Terms of availability 19.95
035 ## - SYSTEM CONTROL NUMBER
System control number (OCoLC)770694245
040 ## - CATALOGING SOURCE
Original cataloging agency DLC
Language of cataloging eng
Transcribing agency DLC
Modifying agency BTCTA
-- QBX
-- BDX
-- WACOL
042 ## - AUTHENTICATION CODE
Authentication code pcc
049 ## - LOCAL HOLDINGS (OCLC)
Holding library WACL
050 00 - LIBRARY OF CONGRESS CALL NUMBER
Classification number QE862.P7
Item number M55 2012
082 00 - DEWEY DECIMAL CLASSIFICATION NUMBER
Classification number 567.918
Edition number 23
092 ## - LOCALLY ASSIGNED DEWEY CALL NUMBER (OCLC)
Classification number J567.918
Item number Mil
100 1# - MAIN ENTRY--PERSONAL NAME
Personal name Miles, Liz.
9 (RLIN) 5864994
245 10 - TITLE STATEMENT
Title Flying monsters /
Statement of responsibility, etc by Liz Miles.
260 ## - PUBLICATION, DISTRIBUTION, ETC. (IMPRINT)
Place of publication, distribution, etc Mankato, Minn. :
Name of publisher, distributor, etc Arcturus Pub.,
Date of publication, distribution, etc 2012.
300 ## - PHYSICAL DESCRIPTION
Extent 32 p. :
Other physical details col. ill. ;
Dimensions 29 cm.
490 0# - SERIES STATEMENT
Series statement Prehistoric safari
500 ## - GENERAL NOTE
General note Includes bibliographical references (p. 31) and index.
504 ## - BIBLIOGRAPHY, ETC. NOTE
Bibliography, etc Includes bibliographical references (p. 31) and index.
650 #0 - SUBJECT ADDED ENTRY--TOPICAL TERM
Topical term or geographic name as entry element Pterosauria
Form subdivision Juvenile literature.
9 (RLIN) 5735700
938 ## -
-- Baker and Taylor
-- BTCP
-- BK0010953009
938 ## -
-- Quality Books, Inc.
-- QUAL
-- a 11051439
938 ## -
-- Brodart
-- BROD
-- 103241558
942 ## - ADDED ENTRY ELEMENTS (KOHA)
Koha item type BOOK
948 ## - LOCAL PROCESSING INFORMATION (OCLC); SERIES PART DESIGNATOR (RLIN)
Series part designator, SPT (RLIN) 09/11/2012
z (OCLC) Sirsi
994 ## -
-- 02
-- WACOL
996 ## -
-- 92893
-- 34301001118720
-- JNF
-- bk
-- wcl
-- i
-- 34
-- 19.95
-- smartapple
-- 567.9 Mil
-- 09/11/2012
-- 08/16/2019
-- 07/26/2019
Holdings
Withdrawn status Lost status Source of classification or shelving scheme Damaged status Not for loan Collection code Home library Current library Shelving location Date acquired Cost, normal purchase price Total Checkouts Total Renewals Full call number Barcode Date last seen Date checked out Cost, replacement price Price effective from Koha item type
    Dewey Decimal Classification     Junior NonFiction Wasatch County Library Wasatch County Library Second Floor 09/11/2012 19.95 49 15 J 567.9 Mil 34301001118720 12/26/2025 07/16/2024 19.95 03/20/2020 BOOK
This project was made possible through a grant from the Institute of Museum and Library Service administered by the Utah State Library Division.

Wasatch County Library

  • 465 East 1200 South, Heber City, Utah 84032
  • Phone 435-654-1511 | Fax 435-654-6456

Hours

  • Monday - Friday 9:30 AM - 8:00 PM
  • Saturday 9:30 AM - 1:30 PM
  • Closed Sundays and Holidays